000 00783nam a2200241Ia 4500
003 OSt
005 20220923212032.0
006 a|||||r|||| 00| 0
007 ta
008 220922b |||||||| |||| 00| 0 hin d
024 _a150,099
037 _cTextual
040 _aARTS
_cARTS
_bhin
041 _2hin
_ahin
082 _a232, 152K5
100 _aमगनानन्द; तिवारी, भास्करनाथ
245 0 _aमाघ्यमिक पुस्तकालय पद्धति
246 _aMāghyamik pustakālaya paddhati
260 _abykgkckn]
_bljLorh
_c1965
300 _a117p
_ccm.
942 _h232, 152K5
_cTEXL
_2CC
999 _c305779
_d305779